000 00727nam a22002537a 4500
001 BR8703211
003 BR-BrBNA
005 20230928092600.0
007 ta
008 230509b bl.||||| |||| 00| 0 por d
040 _aBR-BrBNA
_bpor
_cBiblioteca Nacional de Agricultura
041 _a(Por)
072 _aF01
_b2120
090 _ 2120 BR8703211
110 1 _aInstituto Brasileiro do Cafe, Belo Horizonte, MG (Brasil)
_95844
245 1 _aColheita e preparo do cafe
_bCarta de informacoes tecnicas. REF.:INF. 03/86
260 3 _aBelo Horizonte, MG (Brasil):
_c1986.
300 _a5 p.
650 _aCAFE
650 _aCOLHEITA
650 _aSECAGEM ARTIFICIAL
909 _a202309
_bLucia
_c55
_dLucia Elande
942 _cBK
999 _c39961
_d39961